00574nam a2200205Ia 4500003000400000005001700004008004100021020001800062040001800080041000800098082002100106100002300127245005300150250001200203260005500215300002900270650001900299650003200318650001800350OSt20250131152332.0210716s2009 xx 000 0 und d a9788120326835 cAIMIT LIBRARY aeng a006.66 21bPEDV aPedroni, Volnei A. aCircuit design with VHDL /cBy Volnei A Pedroni. a1st ed. aNew Delhi :bPHI Learning private limited ,c2009. axii,363p. ;bPBc23.5 cm aCode structure aOperations and attributions aSystem design